000 00218nam a22000857a 4500
008 231120b |||||||| |||| 00| 0 eng d
020 _a9789355953131
100 _aOswaal
_97599
245 _aOswaal English Class-10 Worksheets
999 _c12464
_d12464